Homeland after Eighteen Years: (Record no. 211732)

MARC details
000 -LEADER
fixed length control field 00664nam a22002057a 4500
005 - DATE AND TIME OF LATEST TRANSACTION
control field 20250611124838.0
010 ## - LCCN (DPL NO)
LC control number ENG-145269
020 ## - INTERNATIONAL STANDARD BOOK NUMBER
International Standard Book Number 9788195453009
Terms of availability 450.00
035 ## - SYSTEM CONTROL NUMBER
System control number B-746093-098
035 ## - SYSTEM CONTROL NUMBER
System control number EN-128801
037 ## - SOURCE OF ACQUISITION
Source of stock number/acquisition DBAD
082 ## - DEWEY DECIMAL CLASSIFICATION NUMBER
Classification number 808.499
Edition number 1
100 ## - MAIN ENTRY--PERSONAL NAME
Personal name Chowdhury, K L
245 ## - TITLE STATEMENT
Title Homeland after Eighteen Years:
Remainder of title A 48-hour Journey in Kashmir/
Statement of responsibility, etc K L Chowdhury
250 ## - EDITION STATEMENT
Edition statement 1
260 ## - PUBLICATION, DISTRIBUTION, ETC. (IMPRINT)
Place of publication, distribution, etc Delhi
Name of publisher, distributor, etc Akshaya prakashan
Date of publication, distribution, etc 2023
270 ## - ADDRESS
Address 208, m.g. house, 2 community center
City Delhi
Postal code 110052
Telephone number 01147049292
Electronic mail address harish@akshayaprakashan.con
300 ## - PHYSICAL DESCRIPTION
Extent xxiii, 205p.
Dimensions 21cm(pb)
942 ## - ADDED ENTRY ELEMENTS (KOHA)
Source of classification or shelving scheme Dewey Decimal Classification
Item type English Books
Classification part 808.499
Call number suffix CHO

No items available.


© Delhi Public Library
Hit Counter
free hit counter